000 00871nam a22001697a 4500
005 20260124093720.0
008 230713b ||||| |||| 00| 0 eng d
040 _cSSBUL
_dSSBUL
082 _223
_a၃၃၈.၉၅၉၁ မြန် ၁၆၁၀၃ (S-SAT)
245 _aမြန်မာ့ဆိုရှယ်လစ်လမ်းစဉ်ပါတီ၏ နှစ်ရှည်နှစ်တို့စီးပွားရေးမူဝါဒများ /
250 _aဒုတိယအကြိမ်။
260 _aရန်ကုန်၊
_bစာပေဗိမာန်၊
_c၁၉၇၃။
300 _a၂၈၂ စာမျက်နှာ၊
_c၂၁ စင်တီ။
500 _aS-SAT: Dr. Prof Sai Aung Tun
650 _aစီးပွားရေးမူဝါဒ
_zမြန်မာနိုင်ငံ။
_927917
942 _2ddc
_cBK1
999 _c27157
_d27157